[Event "Molde Rosecupen A"]
[Site "Molde"]
[Date "2019.06.16"]
[Round "6"]
[White "Nyland, Thomas"]
[Black "Hoem, Tor Wetle"]
[Result "1-0"]
[WhiteElo "2086"]
[BlackElo "1952"]
[PlyCount "87"]
[EventDate "2019.06.15"]
[EventType "swiss"]
[EventRounds "6"]
[EventCountry "NOR"]
[SourceTitle "EXT 2024"]
[Source "ChessBase"]
[SourceDate "2023.10.10"]
[SourceVersion "1"]
[SourceVersionDate "2023.10.10"]
[SourceQuality "1"]

1. d4 Nf6 2. Nc3 d5 3. Bg5 Ne4 4. Nxe4 dxe4 5. e3 c6 6. Bf4 Nd7 7. Ne2 g6 8. Nc3 Bg7 9. Nxe4 0-0 10. c3 e5 11. dxe5 Nxe5 12. Qxd8 Rxd8 13. Be2 Nd3+ 14. Bxd3 Rxd3 15. Ke2 Rd8 16. Nd6 Be6 17. Nxb7 Bc4+ 18. Ke1 Rd3 19. f3 Re8 20. e4 f5 21. Nd6 Rxd6 22. Bxd6 fxe4 23. f4 Rd8 24. Be5 Bxe5 25. fxe5 Rd3 26. Rd1 Re3+ 27. Kf2 Re2+ 28. Kg3 Rxb2 29. Rb1 Rxa2 30. Ra1 Rxa1 31. Rxa1 a6 32. Kf4 Bd3 33. e6 Kf8 34. Ke5 Ke7 35. Rd1 c5 36. g3 Bb5 37. Re1 Bd3 38. h4 h5 39. Rd1 Bb5 40. Rb1 e3 41. c4 Bxc4 42. Rb7+ Kd8 43. e7+ Ke8 44. Kf6 1-0

[Event "Calvia Amateur op 15th"]
[Site "Calvia"]
[Date "2018.10.10"]
[Round "5"]
[White "Holliman, Bob"]
[Black "Nyland, Thomas"]
[Result "1/2-1/2"]
[WhiteElo "1894"]
[BlackElo "2070"]
[PlyCount "61"]
[EventDate "2018.10.06"]
[EventType "swiss"]
[EventRounds "9"]
[EventCountry "ESP"]
[SourceTitle "CBM 186 Extra"]
[Source "ChessBase"]
[SourceDate "2018.08.24"]
[SourceVersion "1"]
[SourceVersionDate "2018.08.24"]
[SourceQuality "1"]

1. d4 f5 2. Nf3 Nf6 3. Bf4 d6 4. e3 g6 5. Bc4 e6 6. h3 Bg7 7. c3 Qe7 8. Nbd2 Nc6 9. 0-0 e5 10. dxe5 dxe5 11. Re1 e4 12. Nd4 Ne5 13. Bb5+ c6 14. Bf1 0-0 15. Nc4 Nd5 16. Nxe5 Bxe5 17. Bc4 Rd8 18. Qb3 Kg7 19. Bxe5+ Qxe5 20. Rad1 Kh8 21. Bxd5 Rxd5 22. Ne2 g5 23. Rxd5 Qxd5 24. Qxd5 cxd5 25. Rd1 Be6 26. Nd4 Bd7 27. Nc2 Bc6 28. Nb4 Rd8 29. c4 a5 30. Nxd5 Bxd5 31. cxd5 1/2-1/2

[Event "Calvia Amateur op 15th"]
[Site "Calvia"]
[Date "2018.10.09"]
[Round "4"]
[White "Nyland, Thomas"]
[Black "Moreto Quintana, Alexandre"]
[Result "0-1"]
[WhiteElo "2070"]
[BlackElo "2097"]
[PlyCount "118"]
[EventDate "2018.10.06"]
[EventType "swiss"]
[EventRounds "9"]
[EventCountry "ESP"]
[SourceTitle "CBM 186 Extra"]
[Source "ChessBase"]
[SourceDate "2018.08.24"]
[SourceVersion "1"]
[SourceVersionDate "2018.08.24"]
[SourceQuality "1"]

1. e4 c6 2. d4 d5 3. Nc3 dxe4 4. Nxe4 Bf5 5. Ng3 Bg6 6. h4 h6 7. Nh3 e5 8. dxe5 Qa5+ 9. c3 Qxe5+ 10. Be2 Nf6 11. 0-0 Bc5 12. Bf4 Qd5 13. Bf3 Qxd1 14. Raxd1 0-0 15. b4 Be7 16. Rfe1 Re8 17. b5 Kf8 18. c4 Rc8 19. Bd6 Bxd6 20. Rxd6 a6 21. bxc6 Nxc6 22. Nf4 Bh7 23. Nd5 Rd8 24. Rxd8+ Rxd8 25. Nxf6 gxf6 26. Nh5 Bd3 27. c5 Bc4 28. a3 f5 29. Ng3 Be6 30. Rb1 Rd7 31. Nh5 Na5 32. Nf4 Bc4 33. Rb6 Rc7 34. Rxh6 Rxc5 35. Rh8+ Kg7 36. Rb8 Ba2 37. Nh5+ Kh7 38. Nf6+ Kg6 39. Nh5 Kh7 40. Nf4 Rc3 41. Nh5 Rxa3 42. Nf6+ Kg6 43. Ng8 Be6 44. h5+ Kg7 45. Ne7 Rd3 46. Rg8+ Kh7 47. Rg5 Rd8 48. Kh2 Kh6 49. Rg3 Kh7 50. Rg5 b5 51. h6 Kxh6 52. Rh5+ Kg7 53. Nxf5+ Kf6 54. Ne3 Nc4 55. Ng4+ Ke7 56. Rc5 Rc8 57. Rh5 b4 58. Ne3 Nxe3 59. fxe3 b3 0-1

[Event "Molde Rosecupen A"]
[Site "Molde"]
[Date "2018.06.03"]
[Round "5.5"]
[White "Ramstad, Havard"]
[Black "Nyland, Thomas"]
[Result "0-1"]
[WhiteElo "1926"]
[BlackElo "2073"]
[PlyCount "112"]
[EventDate "2018.06.02"]
[EventType "swiss"]
[EventRounds "6"]
[EventCountry "NOR"]
[SourceTitle "EXT 2024"]
[Source "ChessBase"]
[SourceDate "2023.10.10"]
[SourceVersion "1"]
[SourceVersionDate "2023.10.10"]
[SourceQuality "1"]

1. d4 f5 2. Nf3 Nf6 3. g3 g6 4. Bg2 Bg7 5. 0-0 0-0 6. Nbd2 d6 7. Re1 Ne4 8. Nxe4 fxe4 9. Ng5 d5 10. f3 h6 11. Nh3 Nc6 12. c3 g5 13. fxe4 dxe4 14. Nf2 e5 15. d5 Ne7 16. Nxe4 Nf5 17. Nf2 Qf6 18. Ne4 Qb6+ 19. e3 Nd6 20. Qb3 Nxe4 21. Qxb6 axb6 22. Bxe4 Bg4 23. Bg2 Bf3 24. Bxf3 Rxf3 25. e4 Bf8 26. Kg2 g4 27. Be3 Ra4 28. Bg1 h5 29. b3 Ra3 30. Re3 Rf6 31. Re2 b5 32. Rf1 Raa6 33. Rxf6 Rxf6 34. Be3 Rf3 35. c4 bxc4 36. bxc4 b6 37. Bd2 Bc5 38. Bc1 Bd4 39. Bd2 Ra3 40. Be1 Rd3 41. Bd2 Kf7 42. Be1 Rd1 43. Bf2 Ke7 44. Bxd4 Rxd4 45. c5 bxc5 46. Kf2 c4 47. Re3 Rd2+ 48. Re2 Rd4 49. Ke3 Rd3+ 50. Kf2 Kd6 51. Rb2 c3 52. Rc2 Kc5 53. Ke2 Kc4 54. a4 Rd4 55. Ra2 Kb3 56. Ra1 Kb2 0-1

[Event "Molde Rosecupen A"]
[Site "Molde"]
[Date "2018.06.02"]
[Round "4.4"]
[White "Nyland, Thomas"]
[Black "Hoem, Tor Wetle"]
[Result "1/2-1/2"]
[WhiteElo "2073"]
[BlackElo "1981"]
[PlyCount "40"]
[EventDate "2018.06.02"]
[EventType "swiss"]
[EventRounds "6"]
[EventCountry "NOR"]
[SourceTitle "EXT 2024"]
[Source "ChessBase"]
[SourceDate "2023.10.10"]
[SourceVersion "1"]
[SourceVersionDate "2023.10.10"]
[SourceQuality "1"]

1. f4 d5 2. Nf3 Nf6 3. g3 Bg4 4. Ne5 Bf5 5. d3 Nbd7 6. Bg2 c6 7. c3 Qc7 8. Nxd7 Qxd7 9. Qc2 h5 10. e4 dxe4 11. dxe4 Bh3 12. Be3 Bxg2 13. Qxg2 Qd3 14. Bd4 Qxe4+ 15. Qxe4 Nxe4 16. Nd2 Nxd2 17. Kxd2 e6 18. Rhe1 c5 19. Be3 0-0-0+ 20. Kc2 Be7 1/2-1/2

[Event "Molde Rosecupen A"]
[Site "Molde"]
[Date "2018.06.01"]
[Round "2.3"]
[White "Nyland, Thomas"]
[Black "Gaustad, Erlend"]
[Result "0-1"]
[WhiteElo "2073"]
[BlackElo "1882"]
[PlyCount "74"]
[EventDate "2018.06.01"]
[EventType "swiss (rapid)"]
[EventRounds "6"]
[EventCountry "NOR"]
[SourceTitle "EXT 2024"]
[Source "ChessBase"]
[SourceDate "2023.10.10"]
[SourceVersion "1"]
[SourceVersionDate "2023.10.10"]
[SourceQuality "1"]

1. f4 d5 2. Nf3 Nf6 3. g3 g6 4. Bg2 Bg7 5. 0-0 c5 6. d3 0-0 7. c3 b6 8. Na3 Nc6 9. Nh4 Bb7 10. f5 Qd7 11. Bg5 e5 12. Qd2 Rae8 13. Rad1 d4 14. Nc2 Na5 15. Bxb7 Nxb7 16. e4 dxe3 17. Nxe3 e4 18. Bxf6 Bxf6 19. dxe4 Qxd2 20. Rxd2 Bxh4 21. gxh4 Rxe4 22. Ng2 Rfe8 23. Rd7 R4e7 24. Rxe7 Rxe7 25. f6 Re6 26. Rd1 Rxf6 27. Rd7 Nd6 28. Rxa7 Nc4 29. b4 Nd2 30. Ne1 Rf1+ 31. Kg2 Rxe1 32. Rb7 cxb4 33. cxb4 Re6 34. a4 Nc4 35. Ra7 Re2+ 36. Kg3 Ra2 37. a5 bxa5 0-1

[Event "NOR-chT Club"]
[Site "Bergen"]
[Date "2018.05.10"]
[Round "1.4"]
[White "Nyland, Thomas"]
[Black "Murugesh, Niran Jan"]
[Result "1-0"]
[WhiteElo "2069"]
[BlackElo "1567"]
[PlyCount "63"]
[EventDate "2018.05.10"]
[EventType "team-swiss"]
[EventRounds "6"]
[EventCountry "NOR"]
[SourceTitle "EXT 2019"]
[Source "ChessBase"]
[SourceDate "2018.10.10"]
[SourceVersion "1"]
[SourceVersionDate "2018.10.10"]
[SourceQuality "1"]
[WhiteTeam "Kristiansund"]
[BlackTeam "Sotra II"]
[WhiteTeamCountry "NOR"]
[BlackTeamCountry "NOR"]

1. f4 d5 2. Nf3 Nc6 3. g3 Nf6 4. Bg2 g6 5. 0-0 Bg7 6. d3 0-0 7. c3 Re8 8. d4 Ne4 9. Nbd2 Bf5 10. Ne5 Nxe5 11. fxe5 Nxd2 12. Bxd2 Qd7 13. Rf2 Bh3 14. Bxh3 Qxh3 15. Qb3 Qd7 16. Raf1 e6 17. Rxf7 Qxf7 18. Rxf7 Kxf7 19. Qxb7 Rec8 20. Qc6 Re8 21. Qxc7+ Kg8 22. Bg5 Rf8 23. Qd7 Rae8 24. Be7 Rxe7 25. Qxe7 Bh6 26. Qxe6+ Kg7 27. Qxd5 Be3+ 28. Kg2 Rf2+ 29. Kh3 Rxe2 30. Qf3 Re1 31. Qf6+ Kh6 32. Kg4 1-0

[Event "Nordstrand GP A"]
[Site "Oslo"]
[Date "2018.04.22"]
[Round "5"]
[White "Nordquelle, Daniel"]
[Black "Nyland, Thomas"]
[Result "1-0"]
[WhiteElo "2181"]
[BlackElo "2032"]
[PlyCount "109"]
[EventDate "2018.04.20"]
[EventType "swiss"]
[EventRounds "5"]
[EventCountry "NOR"]
[SourceTitle "EXT 2024"]
[Source "ChessBase"]
[SourceDate "2023.10.10"]
[SourceVersion "1"]
[SourceVersionDate "2023.10.10"]
[SourceQuality "1"]

1. e4 c5 2. Nc3 Nc6 3. Bb5 Nd4 4. Bc4 g6 5. Nge2 Bg7 6. d3 d6 7. 0-0 a6 8. a4 Rb8 9. Be3 Bd7 10. Qd2 b5 11. axb5 axb5 12. Ba2 Nxe2+ 13. Qxe2 b4 14. Nd1 Ra8 15. Qf3 Be6 16. Bxe6 fxe6 17. Rxa8 Qxa8 18. Qh3 Qc8 19. b3 Nf6 20. Bh6 0-0 21. Bxg7 Kxg7 22. Ne3 e5 23. Qh4 Qd7 24. g3 Ra8 25. f4 exf4 26. gxf4 Ra2 27. f5 c4 28. fxg6 hxg6 29. Qg3 Qa7 30. Kh1 cxd3 31. Nf5+ Kf7 32. Nh6+ Kg7 33. Rg1 Qxg1+ 34. Qxg1 Kxh6 35. cxd3 Kg7 36. Qd4 Rd2 37. h3 Kf8 38. Kg1 Kg7 39. Kf1 Kf8 40. Ke1 Rh2 41. Qxb4 Rxh3 42. Qc4 Rh5 43. b4 d5 44. Qc6 dxe4 45. b5 Ne8 46. dxe4 Nd6 47. b6 Re5 48. Kf1 Kf7 49. Kg2 g5 50. Kg3 Ra5 51. Kg4 Re5 52. Kf3 Ra5 53. Ke3 Ra1 54. Qd5+ Ke8 55. e5 1-0

[Event "Fagernes TV2 GM op"]
[Site "Fagernes"]
[Date "2018.03.31"]
[Round "8"]
[White "Dolzhikova, Olga"]
[Black "Nyland, Thomas"]
[Result "1/2-1/2"]
[WhiteElo "2183"]
[BlackElo "2034"]
[PlyCount "151"]
[EventDate "2018.03.25"]
[EventType "swiss"]
[EventRounds "9"]
[EventCountry "NOR"]
[SourceTitle "CBM 183 Extra"]
[Source "ChessBase"]
[SourceDate "2018.04.19"]
[SourceVersion "1"]
[SourceVersionDate "2018.04.19"]
[SourceQuality "1"]

1. e4 e5 2. Nf3 Nc6 3. Bc4 Bc5 4. c3 Nf6 5. d3 d6 6. h3 0-0 7. 0-0 Be6 8. Bb3 Bb6 9. Nbd2 d5 10. Ng5 Bc8 11. Qf3 h6 12. exd5 hxg5 13. dxc6 bxc6 14. Ne4 Nxe4 15. dxe4 Ba6 16. Rd1 Qf6 17. Qg3 Be2 18. Rd7 g4 19. Rd2 Ba6 20. hxg4 Qg6 21. Qf3 Bc8 22. Bd1 Be6 23. Be2 f6 24. Rd1 a5 25. Be3 Rad8 26. Bxb6 cxb6 27. Qe3 c5 28. b3 Qf7 29. Rd2 Qe7 30. Rad1 g5 31. f3 Kf7 32. Bb5 Rxd2 33. Qxd2 Qc7 34. Bd7 Ke7 35. Bxe6 Kxe6 36. Kf2 Ke7 37. Qe2 c4 38. b4 axb4 39. cxb4 c3 40. Qd3 c2 41. Rc1 Rc8 42. a4 Qc4 43. Qd2 Qc3 44. Ke2 Qxd2+ 45. Kxd2 Rc4 46. Rxc2 Rxb4 47. Ra2 Kd6 48. Kc3 Kc5 49. Ra1 Rc4+ 50. Kb3 Rb4+ 51. Kc3 Rc4+ 52. Kb3 Rb4+ 53. Ka3 Rc4 54. Rb1 Rc2 55. Rb5+ Kc6 56. Rb2 Rc4 57. Kb3 Kc5 58. Rd2 Rb4+ 59. Ka3 Rb1 60. Rc2+ Kd6 61. Rb2 Ra1+ 62. Kb4 Kc6 63. Rc2+ Kb7 64. Rd2 Kc7 65. Kb5 Rb1+ 66. Kc4 Ra1 67. Kd5 Kd7 68. Kc4+ Kc7 69. Kb3 Rb1+ 70. Rb2 Ra1 71. Rd2 Rb1+ 72. Rb2 Ra1 73. Rc2+ Kb7 74. Rd2 Kc7 75. Rc2+ Kb7 76. Rd2 1/2-1/2

[Event "Fagernes TV2 GM op"]
[Site "Fagernes"]
[Date "2018.03.26"]
[Round "2"]
[White "Kryakvin, Dmitry"]
[Black "Nyland, Thomas"]
[Result "1/2-1/2"]
[WhiteElo "2567"]
[BlackElo "2034"]
[PlyCount "61"]
[EventDate "2018.03.25"]
[EventType "swiss"]
[EventRounds "9"]
[EventCountry "NOR"]
[SourceTitle "CBM 183 Extra"]
[Source "ChessBase"]
[SourceDate "2018.04.19"]
[SourceVersion "1"]
[SourceVersionDate "2018.04.19"]
[SourceQuality "1"]

1. d4 f5 2. Bg5 h6 3. Bh4 g5 4. e3 Nf6 5. Bg3 Bg7 6. Bc4 d5 7. Bd3 Be6 8. h4 g4 9. Ne2 Nh5 10. Nd2 Nd7 11. 0-0 0-0 12. b4 Ndf6 13. Be5 Ne4 14. Bxg7 Kxg7 15. g3 Qd6 16. Rb1 c6 17. a4 a5 18. bxa5 Rxa5 19. Rxb7 Rxa4 20. Bxe4 fxe4 21. Qb1 Bc8 22. Rb6 Ba6 23. Qd1 Rf3 24. c4 Ra2 25. Nf4 Nxf4 26. exf4 e3 27. fxe3 Rxg3+ 28. Kf2 Rf3+ 29. Kg1 Rg3+ 30. Kf2 Rf3+ 31. Kg1 1/2-1/2

[Event "NOR-chT Club"]
[Site "Kristiansund"]
[Date "2017.10.21"]
[Round "3.5"]
[White "Nyland, Thomas"]
[Black "Thingstad, Even"]
[Result "0-1"]
[WhiteElo "2152"]
[BlackElo "2214"]
[PlyCount "118"]
[EventDate "2017.10.20"]
[EventType "team-tourn"]
[EventRounds "6"]
[EventCountry "NOR"]
[SourceTitle "CBM 181 Extra"]
[Source "ChessBase"]
[SourceDate "2017.12.12"]
[SourceVersion "1"]
[SourceVersionDate "2017.12.12"]
[SourceQuality "1"]
[WhiteTeam "Kristiansund"]
[BlackTeam "Trondheim"]
[WhiteTeamCountry "NOR"]
[BlackTeamCountry "NOR"]

1. e4 c6 2. d4 d5 3. Nc3 dxe4 4. Nxe4 Bf5 5. Ng3 Bg6 6. c3 e6 7. Nf3 Nd7 8. Bd3 Bxd3 9. Qxd3 Ngf6 10. Bg5 h6 11. Bd2 Bd6 12. 0-0 0-0 13. Rfe1 c5 14. Ne4 Be7 15. Be3 cxd4 16. Bxd4 Qc7 17. Nxf6+ Bxf6 18. Bxf6 Nxf6 19. Rad1 Rac8 20. h3 Qc5 21. Ne5 b5 22. Qd6 a5 23. Qxc5 Rxc5 24. Nd7 Nxd7 25. Rxd7 Rb8 26. Red1 b4 27. Rd8+ Rxd8 28. Rxd8+ Kh7 29. cxb4 axb4 30. Rb8 Rc4 31. Kh2 Kg6 32. Kg3 e5 33. Kf3 h5 34. Ke3 f5 35. f3 h4 36. Kd3 Rd4+ 37. Kc2 e4 38. fxe4 fxe4 39. Kb3 Kf5 40. Rxb4 Rxb4+ 41. Kxb4 Kf4 42. Kc4 Ke3 43. a4 Kf2 44. a5 e3 45. a6 e2 46. a7 e1Q 47. a8Q Qf1+ 48. Kd4 Qxg2 49. Qf8+ Kg1 50. b4 Qxh3 51. Qxg7+ Qg3 52. Qh7 h3 53. Qb1+ Kg2 54. Qe4+ Qf3 55. Qg6+ Kf1 56. Qb1+ Kf2 57. Qc2+ Kg3 58. Ke5 h2 59. Qg6+ Kf2 0-1

[Event "NOR-chT Club"]
[Site "Kristiansund"]
[Date "2017.10.21"]
[Round "2.13"]
[White "Shehzad, Shazil Khan"]
[Black "Nyland, Thomas"]
[Result "1/2-1/2"]
[WhiteElo "1775"]
[BlackElo "2152"]
[PlyCount "120"]
[EventDate "2017.10.20"]
[EventType "team-tourn"]
[EventRounds "6"]
[EventCountry "NOR"]
[SourceTitle "CBM 181 Extra"]
[Source "ChessBase"]
[SourceDate "2017.12.12"]
[SourceVersion "1"]
[SourceVersionDate "2017.12.12"]
[SourceQuality "1"]
[WhiteTeam "Sandnes Lilleputt"]
[BlackTeam "Kristiansund"]
[WhiteTeamCountry "NOR"]
[BlackTeamCountry "NOR"]

1. e4 c5 2. Nc3 Nc6 3. Bb5 Nd4 4. Bc4 g6 5. Nf3 Bg7 6. Nxd4 cxd4 7. Qf3 e6 8. Nb5 Be5 9. c3 dxc3 10. d4 a6 11. dxe5 axb5 12. Bb3 Qc7 13. Qxc3 Qxc3+ 14. bxc3 f6 15. exf6 Nxf6 16. e5 Ne4 17. Bb2 Nc5 18. Ke2 b6 19. Rhd1 Bb7 20. f3 Rf8 21. Rd6 Bc6 22. c4 bxc4 23. Bxc4 Rf4 24. Bd3 Rfa4 25. a3 Nxd3 26. Kxd3 R8a5 27. Rd4 Bb5+ 28. Ke3 Bc4 29. Rh4 Rb5 30. Bc3 Rb3 31. Kd2 h5 32. Bb4 Rbxb4 33. axb4 Rxa1 34. Rxc4 Rg1 35. g3 Rg2+ 36. Ke3 Rxh2 37. Rc8+ Ke7 38. Rb8 Rg2 39. Kf4 g5+ 40. Kxg5 Rxg3+ 41. Kf4 Rg1 42. Rxb6 Rg8 43. Rd6 h4 44. Rd1 Rb8 45. Rd4 Rf8+ 46. Kg4 h3 47. Rd2 Rh8 48. Rh2 Rb8 49. Rxh3 Rxb4+ 50. f4 Rb1 51. Rh7+ Kd8 52. Kg5 Rg1+ 53. Kf6 Rg4 54. f5 Rf4 55. Rh5 Kc7 56. Kg6 exf5 57. Rxf5 Re4 58. Kf6 Kc6 59. Rf1 d5 60. exd6 Kxd6 1/2-1/2

[Event "Calvia Amateur op 14th"]
[Site "Calvia"]
[Date "2017.10.14"]
[Round "8"]
[White "Nyland, Thomas"]
[Black "Jouanneaud, Jean Daniel"]
[Result "1-0"]
[WhiteElo "2152"]
[BlackElo "1964"]
[PlyCount "89"]
[EventDate "2017.10.07"]
[EventType "swiss"]
[EventRounds "9"]
[EventCountry "ESP"]
[SourceTitle "EXT 2019"]
[Source "ChessBase"]
[SourceDate "2018.10.10"]
[SourceVersion "1"]
[SourceVersionDate "2018.10.10"]
[SourceQuality "1"]

1. e4 c5 2. Nf3 Nc6 3. d4 cxd4 4. Nxd4 e5 5. Nb5 d6 6. N1c3 a6 7. Na3 Be7 8. Nd5 Nf6 9. Nxe7 Qxe7 10. Bg5 Be6 11. Nc4 Rd8 12. Ne3 d5 13. Nxd5 Bxd5 14. exd5 Qb4+ 15. Bd2 Qe4+ 16. Qe2 Nd4 17. Qxe4 Nxe4 18. Bd3 Nc5 19. Rc1 Nxd3+ 20. cxd3 Rxd5 21. Rc8+ Rd8 22. Rxd8+ Kxd8 23. Bc3 Nb5 24. Kd2 Nxc3 25. bxc3 Kd7 26. c4 Rc8 27. Rb1 Kc6 28. a4 b6 29. Re1 Kd6 30. g4 Rc5 31. Rb1 Kc6 32. Kc3 b5 33. axb5+ axb5 34. Kb4 e4 35. Rc1 bxc4 36. Rxc4 Rxc4+ 37. dxc4 f6 38. c5 h5 39. h3 hxg4 40. hxg4 g6 41. Kc4 Kc7 42. Kd5 Kd7 43. Kxe4 Kc6 44. Kd4 f5 45. gxf5 1-0

[Event "Puspokladany Arnoth Memorial 10th"]
[Site "Puspokladany"]
[Date "2017.07.30"]
[Round "8"]
[White "Kovacs, Marton"]
[Black "Nyland, Thomas"]
[Result "0-1"]
[WhiteElo "2139"]
[BlackElo "2124"]
[PlyCount "86"]
[EventDate "2017.07.26"]
[EventType "swiss"]
[EventRounds "9"]
[EventCountry "HUN"]
[SourceTitle "EXT 2019"]
[Source "ChessBase"]
[SourceDate "2018.10.10"]
[SourceVersion "1"]
[SourceVersionDate "2018.10.10"]
[SourceQuality "1"]

1. d4 e6 2. Bf4 d5 3. e3 Bd6 4. Bd3 Nf6 5. Nf3 Bxf4 6. exf4 Qd6 7. Ne5 c5 8. dxc5 Qxc5 9. 0-0 0-0 10. c3 Nc6 11. Nd2 Nxe5 12. fxe5 Nd7 13. Qh5 f5 14. exf6 Nxf6 15. Qe2 Bd7 16. Nf3 Rae8 17. Ne5 Bc6 18. Rac1 Qe7 19. b4 Rc8 20. Qe3 a6 21. Rfe1 Be8 22. a3 Nd7 23. Qh3 g6 24. Ng4 Rc6 25. c4 h5 26. Ne3 Ne5 27. Nxd5 exd5 28. Qg3 Re6 29. cxd5 Nf3+ 30. gxf3 Rxe1+ 31. Rxe1 Qxe1+ 32. Kg2 Qc3 33. Be4 Qf6 34. Qc7 Qf7 35. Qc5 Bd7 36. d6 Rc8 37. Bd5 Rxc5 38. Bxf7+ Kxf7 39. bxc5 Ke6 40. Kg3 Kd5 41. Kf4 Kxc5 42. Kg5 Kxd6 43. Kxg6 a5 0-1

[Event "Eger Agria op 41th"]
[Site "Eger"]
[Date "2017.07.21"]
[Round "7"]
[White "Nyland, Thomas"]
[Black "Bai, Adelard"]
[Result "1/2-1/2"]
[WhiteElo "2124"]
[BlackElo "1896"]
[PlyCount "82"]
[EventDate "2017.07.17"]
[EventType "swiss"]
[EventRounds "9"]
[EventCountry "HUN"]
[SourceTitle "EXT 2020"]
[Source "ChessBase"]
[SourceDate "2019.10.17"]
[SourceVersion "1"]
[SourceVersionDate "2019.10.17"]
[SourceQuality "1"]

1. e4 e5 2. Nf3 Nc6 3. d4 exd4 4. Nxd4 Nf6 5. Nxc6 bxc6 6. Bd3 Be7 7. 0-0 0-0 8. e5 Ne8 9. Qh5 g6 10. Qh6 d6 11. Re1 Ng7 12. exd6 cxd6 13. Nc3 d5 14. Ne2 c5 15. c4 d4 16. Ng3 f5 17. Bf4 Ne6 18. Bd2 Rf7 19. f4 Bf8 20. Qh3 Bd6 21. Ne2 Qc7 22. Qf3 Bb7 23. Qf2 Be4 24. Bb1 Rb8 25. b3 d3 26. Nc3 Bxf4 27. Bxd3 Bxh2+ 28. Kh1 Bg3 29. Qe3 Bf4 30. Qe2 Nd4 31. Bxf4 Qxf4 32. Qe3 Qxe3 33. Rxe3 Bxd3 34. Rxd3 Re7 35. Nd5 Re2 36. Nf6+ Kg7 37. Nd7 Rc8 38. Rad1 Rxa2 39. Nxc5 Rxc5 40. Rxd4 Rb2 41. Rd7+ Kf6 1/2-1/2

[Event "Eger Agria op 41th"]
[Site "Eger"]
[Date "2017.07.19"]
[Round "4"]
[White "Pasti, Aron"]
[Black "Nyland, Thomas"]
[Result "1/2-1/2"]
[WhiteElo "1862"]
[BlackElo "2124"]
[PlyCount "97"]
[EventDate "2017.07.17"]
[EventType "swiss"]
[EventRounds "9"]
[EventCountry "HUN"]
[SourceTitle "EXT 2020"]
[Source "ChessBase"]
[SourceDate "2019.10.17"]
[SourceVersion "1"]
[SourceVersionDate "2019.10.17"]
[SourceQuality "1"]

1. e4 e6 2. d4 d5 3. Nc3 dxe4 4. Nxe4 Nd7 5. g3 Ngf6 6. Nxf6+ Nxf6 7. Bg2 c5 8. Nf3 cxd4 9. Nxd4 Bc5 10. Be3 Qb6 11. 0-0 0-0 12. c3 e5 13. b4 Bxd4 14. cxd4 Ng4 15. Qd2 Nxe3 16. fxe3 exd4 17. Qxd4 Be6 18. Qxb6 axb6 19. Bxb7 Rxa2 20. Rxa2 Bxa2 21. Ra1 Bc4 22. Kf2 Rd8 23. Kf3 Kf8 24. Ra8 Rxa8 25. Bxa8 Bf1 26. Bd5 Ke7 27. Ke4 f6 28. Kd4 Kd6 29. Be4 h6 30. Bf3 Bb5 31. Be4 Ke6 32. Bc2 Bc6 33. Be4 Bxe4 34. Kxe4 f5+ 35. Kd4 Kd6 36. h3 g6 37. h4 g5 38. hxg5 hxg5 39. e4 f4 40. gxf4 gxf4 41. e5+ Ke6 42. Ke4 f3 43. Kxf3 Kxe5 44. Ke3 Kd5 45. Kd3 b5 46. Kc2 Kc4 47. Kc1 Kb3 48. Kb1 Kxb4 49. Kb2 1/2-1/2

[Event "Eger Agria op 41th"]
[Site "Eger"]
[Date "2017.07.18"]
[Round "2"]
[White "Pasti, Anna"]
[Black "Nyland, Thomas"]
[Result "0-1"]
[WhiteElo "1717"]
[BlackElo "2124"]
[PlyCount "50"]
[EventDate "2017.07.17"]
[EventType "swiss"]
[EventRounds "9"]
[EventCountry "HUN"]
[SourceTitle "EXT 2020"]
[Source "ChessBase"]
[SourceDate "2019.10.17"]
[SourceVersion "1"]
[SourceVersionDate "2019.10.17"]
[SourceQuality "1"]

1. e4 e6 2. d4 d5 3. Nc3 dxe4 4. Nxe4 Nd7 5. Bd3 Ngf6 6. Qe2 c5 7. Nxf6+ Nxf6 8. dxc5 Bxc5 9. Nf3 Bb4+ 10. c3 Bd6 11. Bg5 Qc7 12. Nd4 a6 13. Bxf6 gxf6 14. Nf5 Be5 15. Nd4 Bd7 16. Nb3 Bc6 17. 0-0-0 Bxg2 18. Rhg1 Bd5 19. Rg7 f5 20. Rgg1 Bxh2 21. Rge1 Qf4+ 22. Qe3 Qxe3+ 23. fxe3 Bg3 24. Rf1 h5 25. Kd2 h4 0-1

[Event "Fagernes TV2 IM"]
[Site "Fagernes"]
[Date "2017.04.15"]
[Round "8"]
[White "Kaasen, Tor Fredrik"]
[Black "Nyland, Thomas"]
[Result "1-0"]
[WhiteElo "2410"]
[BlackElo "2104"]
[PlyCount "79"]
[EventDate "2017.04.09"]
[EventType "tourn"]
[EventRounds "9"]
[EventCountry "NOR"]
[EventCategory "4"]
[SourceTitle "CBM 177 Extra"]
[Source "ChessBase"]
[SourceDate "2017.04.27"]
[SourceVersion "1"]
[SourceVersionDate "2017.04.27"]
[SourceQuality "1"]

1. e4 e6 2. d4 d5 3. Nc3 dxe4 4. Nxe4 Nd7 5. Nf3 Ngf6 6. Bd3 Nxe4 7. Bxe4 Nf6 8. Bg5 c5 9. Qe2 Qa5+ 10. Bd2 Qb6 11. Bc3 Nxe4 12. Qxe4 cxd4 13. Bxd4 Qa5+ 14. Bc3 Qf5 15. Qe2 Bd7 16. Ne5 Bc6 17. Nxc6 bxc6 18. 0-0 Qb5 19. Qg4 h5 20. Qf4 Rd8 21. Rad1 Rd5 22. Qc7 Qb6 23. Qc8+ Qd8 24. Qxc6+ Qd7 25. Qa8+ Qd8 26. Qxd8+ Rxd8 27. Rxd8+ Kxd8 28. Rd1+ Kc8 29. Rd4 f6 30. Ba5 Be7 31. Kf1 h4 32. b4 g5 33. Rc4+ Kb8 34. Rc6 e5 35. Re6 Rh7 36. Ke2 g4 37. Kd3 h3 38. g3 Kc8 39. Kc4 Bd8 40. Re8 1-0

[Event "Alesund Grand Prix A"]
[Site "Alesund"]
[Date "2017.04.02"]
[Round "6"]
[White "Nyland, Thomas"]
[Black "Kvisla, Johannes Luangtep"]
[Result "1/2-1/2"]
[WhiteElo "2041"]
[BlackElo "2272"]
[PlyCount "105"]
[EventDate "2017.04.01"]
[EventType "swiss"]
[EventRounds "4"]
[EventCountry "NOR"]
[SourceTitle "EXT 2024"]
[Source "ChessBase"]
[SourceDate "2023.10.10"]
[SourceVersion "1"]
[SourceVersionDate "2023.10.10"]
[SourceQuality "1"]

1. e4 e5 2. Nf3 Nc6 3. d4 exd4 4. Nxd4 Nf6 5. Nxc6 bxc6 6. Bd3 Bc5 7. 0-0 d6 8. Nd2 Bg4 9. Be2 Be6 10. Nb3 Bb6 11. Bf3 Nd7 12. Nd4 Bxd4 13. Qxd4 Ne5 14. Be2 Qh4 15. f4 Ng4 16. Bxg4 Qxg4 17. Be3 c5 18. Qd1 Qxd1 19. Rfxd1 a5 20. e5 Ke7 21. Rd2 Rhb8 22. b3 Ra6 23. h3 h5 24. Rad1 a4 25. exd6+ cxd6 26. Kf2 axb3 27. axb3 Rc8 28. Kf3 f6 29. g4 d5 30. f5 Bf7 31. Bf4 d4 32. Re1+ Kd7 33. Rde2 Re8 34. Rxe8 Bxe8 35. g5 g6 36. gxf6 Rxf6 37. Re5 Rxf5 38. Rxf5 gxf5 39. Bh6 Kc6 40. Kf4 Bd7 41. h4 Kd5 42. Bf8 c4 43. bxc4+ Kxc4 44. Kg5 Ba4 45. Kxh5 Bxc2 46. Bh6 Kd3 47. Bf4 Ke4 48. Kg5 Bd1 49. Bc1 d3 50. h5 Bxh5 51. Kxh5 d2 52. Bxd2 f4 53. Bxf4 1/2-1/2